000 00769nam a2200241Ia 4500
003 GCL
008 140319s9999 xx 000 0 ara d
020 _a9244009957
040 _aGCL /
_cGCL
082 0 4 _a291.042
_bخ م
100 1 _aخزعل الماجدى
245 1 0 _aالمعتقدات الرومانية /
_cخزعل الماجدى
250 _aالاولى
260 _aالاردن :
_bدار الشروق ،
_c2006
300 _a392 ص ؛
_c24 سم
490 _aسلسلة التراث الروحى للانسان
_v8
650 0 4 _aالديانات القديمة
650 0 4 _aالاساطير
650 0 4 _aالمعتقدات
650 0 4 _aالديانات - تاريخ
650 0 4 _aالديانات الرومانية
942 _2ddc
_cBK
999 _c10133
_d10133